Statistics for Real Acronyms Quiz

Click here to take the quiz!

General Stats

  • This quiz has been taken 39 times
  • The average score is 16 of 31

Answer Stats

Acronym Answer % Correct
NASASpace
81%
NASANational
78%
NATOTreaty
76%
NATONorth
76%
NATOAtlantic
73%
SCUBAUnderwater
73%
SCUBABreathing
73%
SCUBAApparatus
73%
REMEye
70%
NATOOrganization
70%
REMMovement
70%
LASERLight
68%
REMRapid
65%
SCUBASelf
62%
ISISIslamic
62%
SCUBAContained
57%
ISISState
57%
NASAAeronautics
49%
ISISSyria
46%
ISISIraq
43%
NASAAdministration
38%
GIFFormat
30%
LASERRadiation
27%
GIFGraphics
24%
LASEREmission
24%
LASERAmplification
24%
MADDestruction
16%
LASERStimulated
16%
MADMutual
16%
MADAssured
16%
GIFInterchange
11%

Score Distribution

Percentile by Number Answered

Percent of People with Each Score

Your Score History

You have not taken this quiz